|
|
|
|
| LEADER |
00000nab a2200000 a 4500 |
| 001 |
vtls000674519 |
| 003 |
SK-MaSNL |
| 005 |
20260304174730.0 |
| 008 |
250425c1998 xo 0 slo |
| 015 |
|
|
|a SNBRB1998/09-26103
|
| 035 |
|
|
|a CLN000026695
|
| 035 |
|
|
|a urn:nbn:sk:snk-ab6lw1
|
| 035 |
|
|
|a (uuid)1580c9d3-afe8-4ddf-b76c-0b74673744fe
|
| 035 |
|
|
|a (urnnbn)urn:nbn:sk:snk:ar-005gue
|
| 035 |
|
|
|a (sysno)vtls000674519
|
| 040 |
|
|
|a SNKBUCL
|b slo
|c SNKBUCL
|e AACR2
|
| 041 |
0 |
|
|a slo
|
| 044 |
|
|
|a xo
|c SK
|
| 080 |
|
|
|a 616.36-006-089
|2 1997
|
| 100 |
1 |
|
|a Černý, Ján,
|d 1925-2000
|4 aut
|9 56492
|
| 245 |
1 |
0 |
|a Kavernózne hemangiómy pečene - chirurgický problém
|c Ján Černý, Ivor Dropčo
|
| 300 |
|
|
|b Obr., tab.
|
| 504 |
|
|
|a Res. angl., slov.
|
| 504 |
|
|
|a Bibliogr. odkazy
|
| 650 |
0 |
7 |
|a pečeň
|2 snkbucl
|9 16488
|
| 650 |
0 |
7 |
|a kavernózne hemangiómy
|2 snkbucl
|9 1506341
|
| 655 |
|
7 |
|a články z novín a časopisov
|2 snkbucl
|9 267496
|
| 700 |
1 |
|
|a Dropčo, Ivor
|4 aut
|9 766108
|
| 773 |
0 |
|
|t Lekársky obzor
|g Roč. 47, č. 9 (1998), s. 251-252
|x 0457-4214
|
| 850 |
|
|
|a Slovenská národná knižnica
|
| 852 |
|
|
|a Slovenská národná knižnica
|
| 954 |
|
|
|a odborná, vedecká literatúra pôvodná (slovenská)
|2 lita
|
| 958 |
|
|
|a article2022
|
| 958 |
|
|
|a OND
|
| 958 |
|
|
|a NB
|
| 958 |
|
|
|a EUIPO
|
| 992 |
|
|
|a RBX
|
| 999 |
|
|
|c 3010284
|d 3012214
|